مكتبة جامعة عجلون الوطنية

فهرس بحث المكتبة

فاعلية برنامج إرشادي سلوكي قائم على القصص الاجتماعية لخفض السلوك العدواني لدى طلبة صعوبات التعلم في محافظة عجلون = Behavioral Counseling Program Effectiveness Based on Social Stories to Reduce Aggressive Behavior among Students with Learning Disabilities in Ajloun Governorate / (Record no. 33389)

MARC details
000 -LEADER
fixed length control field 01134nam a22001937a 4500
003 - CONTROL NUMBER IDENTIFIER
control field JO-AjAnu
005 - DATE AND TIME OF LATEST TRANSACTION
control field 20240402092055.0
008 - FIXED-LENGTH DATA ELEMENTS--GENERAL INFORMATION
fixed length control field 240402b jo ||||| |||| 00| 0 ara d
040 ## - CATALOGING SOURCE
Original cataloging agency JO-AjAnu
Transcribing agency ANU
041 #1 - LANGUAGE CODE
Language code of original ARA
100 #1 - MAIN ENTRY--PERSONAL NAME
Personal name الصمادي، صبري عبد الكريم محمود
Relator term مؤلف
9 (RLIN) 65227
245 #0 - TITLE STATEMENT
Title فاعلية برنامج إرشادي سلوكي قائم على القصص الاجتماعية لخفض السلوك العدواني لدى طلبة صعوبات التعلم في محافظة عجلون = Behavioral Counseling Program Effectiveness Based on Social Stories to Reduce Aggressive Behavior among Students with Learning Disabilities in Ajloun Governorate /
Statement of responsibility, etc. اعداد صبري عبد الكريم محمود الصمادي ؛ اشراف فيصل عيسى نواصره
260 ## - PUBLICATION, DISTRIBUTION, ETC.
Date of publication, distribution, etc. 2023
300 ## - PHYSICAL DESCRIPTION
Extent 105 ورقة
500 ## - GENERAL NOTE
General note رسالة جامعية (ماجستير) تخصص صعوبات التعلم / جامعة عجلون الوطنية ، 2023
650 7# - SUBJECT ADDED ENTRY--TOPICAL TERM
Form subdivision العدوانية-جوانب نفسية
700 #0 - ADDED ENTRY--PERSONAL NAME
Personal name فيصل النواصرة
Relator term مشرف
9 (RLIN) 65115
942 ## - ADDED ENTRY ELEMENTS (KOHA)
Source of classification or shelving scheme Library of Congress Classification
Koha item type Reference
Suppress in OPAC No

No items available.